00976nam a2200241 a 450000100100000000500170001000800410002702000150006804000250008308200270010810000230013524501600015825000110031826000440032930000340037350000300040750000480043765000470048570000510053204900090058395201250059299900170071700002372220240513194009.0101221s2001 mx a r 000 | spa d a9684444192 aDO-SdBNPbspacBNPHU a005.74068bD232i, 20011 aDate , C.J.94508910aIntroducción a los sistemas de bases de datos /cC.J. Date ; traducción Sergio Luis María Ruiz Faudón ; revisión técnica Felipe López Gamino. a7a ed. aMéxico :bPearson Educación,c2001. axxii, 936 p. :bil. ;c24 cm. aNotas al pie de páginas aIncluye índice alfabético e apéndices 0aAdministración de bases de datos 9472901 aRuiz Faudón, Sergio Luis Maríaetr.948849 aBNGR 001050718MOaGRbGRcCTd2010-12-21iLF1l0o005.74068 D232i, 2001p23722-10r2020-06-25w2020-06-25y1ZNo se presta c23218d23218